00423nam a2200181Ia 4500003000900000005001700009008004100026040001300067040001300080100002000093245004500113250001200158260001500170300000800185490000600193600002400199700001800223IT-RoPAU20220918175420.0120407s9999 xx 000 0 und d aIT-RoPAU cIT-RoPAU aJohannes Feiner aLa storia della salvezza prima di Cristo aBrescia aQueriniana c cm v2 a. Una copia a parte aMagnus Lohrer